LEADER 01216nam a2200301 a 4500 001 000000157711 003 CaOOAMICUS 005 20161220093602.0 008 161220s2016 it u000 u ita r 032 $aLibriCat 040 $aPUL$bita 082 04$a262.14 245 00$aForma e ri/forma del presbitero /$ca cura di S. Luciano e M. Paradiso. 260 $aChieti :$bIstituto Teologico Abruzzese-Molisano,$cstampa 2016. 300 $a263 p. ;$c22 cm. 500 $aContiene indici. 500 $aIn testa al front.: Quaderni Planus 2016. 504 $aBibliografia in nota. 650 4$aPresbiteri.$0(OLS)http://pul/subject/34434 700 1 $aLuciano, Settimio.$0(OLS)http://pul/name/100656 700 1 $aParadiso, Marcello,$d1953-$0(OLS)http://pul/name/70457 850 $aPUL 852 $aPUL$W1$xDP2 Religione 3$y114$m262. 14 LUCSE 1$j181048$qDDC 21$B184178$CPULBib$Z2$F184178 $H128621 $81 941 1 $a9 996 $6082$a262.14$9(OLS)http://pul/classification/2140 996 $6245$aForma e ri/forma del presbitero$9(OLS)http://pul/title/197310 996 $6260$aChieti :$bIstituto Teologico Abruzzese-Molisano$9(OLS)http://pul/publisher/85818 LEADER 01362nam a2200349 a 4500 001 000000127711 003 CaOOAMICUS 005 20120223102722.0 008 120223s2011 it u000 u ita r 020 $a978-88-15-15067-7 040 $aPUL$bita 082 04$a241.5 100 1 $aGalli, Carlo.$0(OLS)http://pul/name/2733 245 10$aNon nominare il nome di Dio invano /$cCarlo Galli, Piero Stefani. 260 $aBologna :$bIl Mulino,$c2011. 300 $a167 p. ;$c18 cm 490 1 $aI Comandamenti 490 1 $aVoci 504 $aContiene riferimenti bibliografici. 650 4$aTeologia dogmatica.$0(OLS)http://pul/subject/663 650 4$aComandamenti.$0(OLS)http://pul/subject/36245 700 1 $aStefani, Piero,$d1949-$0(OLS)http://pul/name/25195 830 0$aVoci.$0(OLS)http://pul/title/142843 830 2$aI Comandamenti.$0(OLS)http://pul/title/154185 850 $aPUL 852 $aPUL$W1$xSL Religione 3$y85$m241. 5 COLL 1.3$j147793$qDDC 21$B146389$CPULBib$Z2$F146389 $H118116 $82 941 1 $a9 996 $6020$a978-88-15-15067-7$9(OLS)http://pul/number/148968 996 $6082$a241.5$9(OLS)http://pul/classification/632 996 $6245$aNon nominare il nome di Dio invano$9(OLS)http://pul/title/161396 996 $6260$aBologna :$bIl Mulino$9(OLS)http://pul/publisher/47928